MARC

LEADER 00000nam0a2200000 4500
001 148848
005 20231101221403.0
035 |a (RuTPU)RU\TPU\book\161380 
090 |a 148848 
100 |a 20081209d1969 k y0rusy50 ca 
101 0 |a rus 
102 |a RU 
105 |a y z 100zy 
200 1 |a Федоровская юбилейная сессия (1919-1969)  |e Ленинград, 21-24 мая 1969 г.  |e тезисы докладов  |f Ленинградский горный институт им. Г. В. Плеханова (ЛГИ) ; под ред. И. И. Шафрановского 
210 |a Ленинград  |d 1969 
215 |a 95 с.  |c ил. 
606 1 |a Кристаллография  |2 stltpush  |3 (RuTPU)RU\TPU\subj\16322  |9 42433 
610 1 |a конференции 
610 1 |a развитие 
610 1 |a учение о симметрии 
610 1 |a кристаллохимия 
610 1 |a искусственные соединения 
610 1 |a исследования 
675 |a 548(063)  |v 3 
702 1 |a Шафрановский  |b И. И.  |4 340 
712 0 2 |a Федоровская юбилейная сессия ( 1919 - 1969 )  |c конференция  |e Ленинград  |f 1969 
712 0 2 |a Ленинградский горный институт им. Г. В. Плеханова (ЛГИ)  |2 stltpush  |3 (RuTPU)RU\TPU\col\1021 
801 1 |a RU  |b 63413507  |c 20081209  |g PSBO 
801 2 |a RU  |b 63413507  |c 20190911  |g PSBO 
942 |c BK